000 00384nam a2200145Ia 4500
005 20251222153626.0
008 251222s9999||||xx |||||||||||||| ||spa||
020 _a9788469064481
082 _a610.73698/C14
100 _aCáceres Zurita, María Luisa de
245 0 _aManual para Paciente Oncológico y su Familia
250 _a1ra. ed.
264 _bEgraf, S.A.
942 _cLIB
999 _c32192
_d32192